[Event "Mlada Boleslav op"]
[Site "Mlada Boleslav"]
[Date "1994.??.??"]
[Round "4"]
[White "Potapov, Alexander"]
[Black "Edzgveradze, Natalia"]
[Result "0-1"]
[WhiteElo "2380"]
[BlackElo "2210"]

1.d4 Nf6 2.c4 e6 3.Nc3 Bb4 4.Nf3 c5 5.g3 O-O 6.Bg2 Ne4 7.Qd3 cxd4 8.Nxd4 Nxc3
9.bxc3 Be7 10.Nb5 Nc6 11.O-O a6 12.Nd6 Ne5 13.Qd4 Bxd6 14.Qxd6 Nxc4 15.Qc5 d5
16.e4 b6 17.Qd4 Bb7 18.Re1 Rc8 19.e5 Rc6 20.Qg4 f5 21.Qh5 Qe8 22.Qh4 b5 23.a4 bxa4
24.Rxa4 Rb6 25.Ra1 Rb3 26.Bf3 Rxc3 27.Bd1 d4 28.Ba4 Qd8 29.Qxd8 Rxd8 30.Bg5 Ra8
31.Be7 a5 32.Bc5 Nd2 33.Rec1 Rc8 34.Rxc3 dxc3 35.Bb6 Nf3+ 36.Kf1 Nxe5 37.f4 Ba6+
38.Kg2 Bb7+ 39.Kh3 Nc4 40.Bd4 Nd6 41.Bd7 Rc7 42.Bxe6+ Kh8 43.Be5 c2 44.Rc1 Be4
45.Bb3 Rc6 46.Ba4 Rc4 47.Bb3 Rc6 48.Ba4 Nb5 49.g4 fxg4+ 50.Kxg4 Rc5 51.Bb2 Kg8
52.Re1 Bf5+ 53.Kh4 Kf8 54.Re5 Rxe5 55.fxe5 Nd4 56.Kg5 Bg6 57.Ba3+ Kf7 58.Bd7 h6+
59.Kg4 Bh7 60.h4 Bg6 61.h5 Bd3 62.Bc8 Bc4 63.Kf4 c1=Q+ 64.Bxc1 Ne2+ 65.Kf5 Bd3+  0-1

[Event "Montevideo"]
[Site "Montevideo"]
[Date "1994.??.??"]
[Round "1"]
[White "Fraschini, Mariano"]
[Black "Rodriguez, Al"]
[Result "1-0"]
[WhiteElo "2385"]
[BlackElo "2330"]

1.d4 Nf6 2.c4 e6 3.Nc3 Bb4 4.Nf3 b6 5.Qb3 c5 6.a3 Ba5 7.Bg5 h6 8.Bh4 g5 9.Bg3 g4
10.Nd2 cxd4 11.Nb5 Bxd2+ 12.Kxd2 Ne4+ 13.Ke1 O-O 14.Nc7 f5 15.Nxa8 Bb7 16.f3 Nc5
17.Qc2 Qf6 18.Bd6 Bxa8 19.Bxf8 Kxf8 20.Rd1 e5 21.b4 Ne6 22.fxg4 Qh4+ 23.g3 Qxg4
24.Rg1 Qh5 25.Bg2 e4 26.Rf1 Ke7 27.e3 dxe3 28.Qe2 Qxh2 29.Rxf5 Qxg3+ 30.Kf1 Nc6
31.Qh5 e2+ 32.Qxe2 Ncd4 33.Qf2 Nxf5 34.Qxf5 Qf4+ 35.Qxf4 Nxf4 36.Bxe4 Bxe4
37.Re1 d5 38.cxd5 Kf6 39.Rxe4 Nxd5 40.Rh4 Ne3+ 41.Ke2 Nf5 42.Rc4 h5 43.Rc7 Nd4+
44.Ke3 Nb5 45.Rc6+ Ke5 46.Rh6 Nc7 47.Rxh5+ Kd6 48.Kd3 a6 49.Rh6+ Ne6 50.Ke4 a5
51.Kf5  1-0

[Event "Moscow op"]
[Site "Moscow"]
[Date "1994.??.??"]
[Round "2"]
[White "Rapoport, Igor"]
[Black "Moizhess, Igor"]
[Result "1-0"]
[WhiteElo "2225"]
[BlackElo "2470"]

1.d4 Nf6 2.c4 e6 3.Nc3 Bb4 4.Nf3 c5 5.g3 cxd4 6.Nxd4 Ne4 7.Qd3 Nxc3 8.bxc3 Be7
9.Nb5 O-O 10.Bf4 Na6 11.Bg2 f6 12.Rd1 Nc5 13.Qd2 Qa5 14.O-O a6 15.Bc7 Qa4
16.Nd6 Bd8 17.Bxd8 Rxd8 18.Qe3 Qa5 19.Rd4 Qc7 20.Rfd1 Rb8 21.Rg4 Kf8 22.Rdd4 h5
23.Rg6 e5 24.Rxf6+  1-0

[Event "Moscow ol (Men)"]
[Site "Moscow"]
[Date "1994.??.??"]
[Round "2"]
[White "Campos Moreno, Javier B"]
[Black "Rozentalis, Eduardas"]
[Result "0-1"]
[WhiteElo "2445"]
[BlackElo "2595"]

1.d4 Nf6 2.c4 e6 3.Nc3 Bb4 4.Nf3 b6 5.Bg5 Bb7 6.e3 h6 7.Bh4 g5 8.Bg3 Ne4
9.Qc2 d6 10.Bd3 Bxc3+ 11.bxc3 Nxg3 12.fxg3 Nd7 13.O-O Qe7 14.a4 a5 15.Rf2 O-O-O
16.Be4 Ba6 17.Nd2 f5 18.Bd3 Bb7 19.e4 f4 20.gxf4 gxf4 21.Rxf4 Rhg8 22.Raf1 Rg7
23.R4f2 Rdg8 24.Nf3 h5 25.Qe2 e5 26.c5 dxc5 27.d5 Kb8 28.Bb5 Nf6 29.Nh4 Ng4
30.Nf5 Nxf2 31.Rxf2 Qg5 32.Nxg7 Rxg7 33.Qf3 h4 34.Qf6 Qxf6 35.Rxf6 Rg4 36.Bd3 c4
37.Bc2 Bc8 38.Rf7 Rg5 39.Kf2 h3 40.g3 Bg4 41.Ke3 Kc8 42.Rf1 Rg7 43.Bd1 Bd7
44.Rf2 Kb7 45.Ra2 b5 46.axb5 Kb6 47.Ba4 Rf7 48.Rf2 Rxf2 49.Kxf2 Bxb5 50.Bxb5 Kxb5
51.Ke2 Ka4 52.g4 Kb3 53.g5 a4 54.g6 a3 55.g7 a2 56.g8=Q a1=Q 57.Qb8+ Kxc3
58.Qxc7 Qb2+ 59.Kf3 Qg2+  0-1

[Event "Moscow ol (Men)"]
[Site "Moscow"]
[Date "1994.??.??"]
[Round "3"]
[White "Rogozenko, Dorin"]
[Black "Kindermann, Stefan"]
[Result "1-0"]
[WhiteElo "2405"]
[BlackElo "2560"]

1.d4 Nf6 2.c4 e6 3.Nc3 Bb4 4.Nf3 b6 5.Bg5 Bb7 6.e3 h6 7.Bh4 Bxc3+ 8.bxc3 d6
9.Nd2 g5 10.Bg3 Qe7 11.h4 Rg8 12.hxg5 hxg5 13.Rh6 Kf8 14.Be2 Kg7 15.Rh1 Nc6
16.Qc2 Rh8 17.O-O-O Rxh1 18.Rxh1 Rh8 19.Rxh8 Kxh8 20.Kb2 Na5 21.f3 c5 22.Qd1 Kg8
23.Qh1 Bc8 24.Qh6 Nh7 25.Bd3 f5 26.Qg6+ Kh8 27.Bxf5 Nb7 28.Ne4 Nf8 29.Qh6+ Kg8
30.Bg4 Nh7 31.Qg6+  1-0

[Event "Moscow ol (Men)"]
[Site "Moscow"]
[Date "1994.??.??"]
[Round "4"]
[White "Rogozenko, Dorin"]
[Black "Nguyen Anh Dung"]
[Result "1-0"]
[WhiteElo "2405"]
[BlackElo "2340"]

1.d4 Nf6 2.c4 e6 3.Nc3 Bb4 4.Nf3 b6 5.Bg5 Bb7 6.e3 h6 7.Bh4 g5 8.Bg3 Ne4
9.Qc2 d6 10.Bd3 f5 11.d5 Bxc3+ 12.bxc3 Qf6 13.Bxe4 fxe4 14.Qxe4 Qxc3+ 15.Ke2 Qb2+
16.Nd2 Qf6 17.h4 g4 18.h5 Nd7 19.Bh4 Qf5 20.Qxe6+ Qxe6 21.dxe6 Nc5 22.e7 Kd7
23.f3 Rhg8 24.e4 Ne6 25.Ke3 c5 26.f4 Nd4 27.f5 Nc2+ 28.Kf4 Nxa1 29.Rxa1 Rae8
30.f6 Ke6 31.Nf1 Rg5 32.Bxg5 hxg5+ 33.Kxg5 Rg8+ 34.Kf4 Kxf6 35.Ne3 Kxe7 36.Nf5+ Kf6
37.Rh1  1-0

[Event "Moscow ol (Women)"]
[Site "Moscow"]
[Date "1994.??.??"]
[Round "5"]
[White "Fischdick, Gisela"]
[Black "Aleksieva, Silvia"]
[Result "1/2-1/2"]
[WhiteElo "2300"]
[BlackElo "2265"]

1.d4 Nf6 2.c4 e6 3.Nc3 Bb4 4.Nf3 d5 5.Bg5 Nbd7 6.cxd5 exd5 7.e3 c5 8.Bd3 Qa5
9.Qc2 c4 10.Bf5 g6 11.Bxd7+ Nxd7 12.O-O O-O 13.a3 Bxc3 14.Qxc3 Qxc3 15.bxc3 f6
16.Bf4 Nb6 17.a4 Bd7 18.a5 Na4 19.Bd6 Rfe8 20.Bb4 Nb2  1/2-1/2

[Event "Moscow ol (Men)"]
[Site "Moscow"]
[Date "1994.??.??"]
[Round "8"]
[White "Zvjaginsev, Vadim"]
[Black "Ehlvest, Jaan"]
[Result "1/2-1/2"]
[WhiteElo "2585"]
[BlackElo "2600"]

1.d4 Nf6 2.c4 e6 3.Nc3 Bb4 4.Nf3 c5 5.g3 Nc6 6.Bg2 Bxc3+ 7.bxc3 b6 8.Bf4 Bb7
9.dxc5 bxc5 10.Rb1 Na5 11.Rb5 Bc6 12.Rxc5 Qb6 13.Be3 Qa6 14.Qd4 h6 15.g4 Nb7
16.g5 hxg5 17.Rxg5 Qxa2 18.O-O Rh7 19.Ne5 Bxg2 20.Rxg2 d6 21.Ng4 Nxg4 22.Qxg4 d5
23.cxd5 Qxd5 24.Qa4+ Qd7 25.Qe4 g6 26.f4 f5 27.Qe5 Rh6 28.Rb1 Nd8 29.Bd4 Nc6
30.Qf6 Nxd4 31.cxd4 Rd8 32.e3 Qe7 33.Qxe7+ Kxe7 34.Rb7+ Rd7 35.Rxd7+ Kxd7
36.Ra2 Ke7 37.Rxa7+ Kf6 38.Kg2 Rh4  1/2-1/2

[Event "Moscow ol (Men)"]
[Site "Moscow"]
[Date "1994.??.??"]
[Round "8"]
[White "Campos Moreno, Javier B"]
[Black "Hatanbaatar, Bazar"]
[Result "1-0"]
[WhiteElo "2445"]
[BlackElo "2435"]

1.d4 Nf6 2.c4 e6 3.Nc3 Bb4 4.Nf3 b6 5.Bg5 Bb7 6.e3 h6 7.Bh4 g5 8.Bg3 Ne4
9.Qc2 d6 10.Bd3 Bxc3+ 11.bxc3 Nxg3 12.fxg3 Nd7 13.O-O Qe7 14.Rf2 O-O-O 15.Be4 f5
16.Bxb7+ Kxb7 17.a4 a5 18.e4 Rdf8 19.Re1 f4 20.e5 fxg3 21.hxg3 dxe5 22.c5 Ka7
23.Rfe2 exd4 24.cxd4 Qd8 25.Rxe6 Re8 26.cxb6+ Nxb6 27.Qc5 Rxe6 28.Rxe6 Re8
29.d5 Kb8 30.Nd4 Rxe6 31.dxe6 Kc8 32.e7 Qe8 33.Nb5 Kd7 34.Qxc7+ Ke6 35.Qxb6+ Kxe7
36.Qe3+  1-0

[Event "Moscow ol (Men)"]
[Site "Moscow"]
[Date "1994.??.??"]
[Round "9"]
[White "Zvjaginsev, Vadim"]
[Black "Ljubojevic, Ljubomir"]
[Result "1/2-1/2"]
[WhiteElo "2585"]
[BlackElo "2580"]

1.d4 Nf6 2.c4 e6 3.Nc3 Bb4 4.Nf3 c5 5.g3 cxd4 6.Nxd4 Qc7 7.Qd3 Na6 8.Bg2 Nc5
9.Qc2 a6 10.O-O Bxc3 11.Qxc3 d6 12.Nb3 O-O 13.Be3 Ng4 14.Bd4 e5 15.Bxc5 dxc5
16.h3 Nf6 17.Qe3 Nd7 18.Rad1 a5 19.Rd5 a4 20.Nd2 Ra5 21.Ne4 b5 22.Rfd1 bxc4
23.a3 h6 24.g4 Rb5 25.Qc1 Rb6 26.R5d2 Nf6 27.Nxf6+ Rxf6 28.Qxc4 Rf4 29.Qb5 Rd4
30.e3 Bd7 31.Qb7 Qxb7 32.Bxb7 Rxd2 33.Rxd2 Bb5 34.Be4 Re8 35.Rd6 Re6 36.Rxe6 fxe6
37.h4 g5 38.hxg5 hxg5 39.f3 Kf7 40.Kf2 Ke7 41.Ke1 Kd6 42.Kd2 c4 43.Kc3 Kc5
44.Bb7 Bd7 45.Ba6 Bc6 46.Bxc4 Bxf3 47.Bxe6 Bc6 48.Bf5 Bb5 49.Bc2 Be8 50.Bd1 Bb5
51.b3 axb3 52.Kxb3 Bc4+ 53.Kc3 Bb5 54.a4 Bc6 55.Kb3 Bd5+ 56.Ka3 Bc4 57.Bb3 Be2
58.Be6 Ba6 59.Kb3 Bb7 60.Bd7 Kd6 61.Bf5 Kc5 62.Bd7 Kd6 63.Bf5 Kc5 64.e4 Bc6
65.Bc8 Bxe4 66.a5 Bf3 67.Kc3 Kb5  1/2-1/2

[Event "Moscow ol (Men)"]
[Site "Moscow"]
[Date "1994.??.??"]
[Round "10"]
[White "Rogozenko, Dorin"]
[Black "Zagrebelny, Sergey"]
[Result "1/2-1/2"]
[WhiteElo "2405"]
[BlackElo "2515"]

1.d4 Nf6 2.c4 e6 3.Nc3 Bb4 4.Nf3 c5 5.g3 cxd4 6.Nxd4 O-O 7.Bg2 d5 8.cxd5 Nxd5
9.Qb3 Na6 10.O-O Nxc3 11.bxc3 Be7 12.Rd1 Nc5 13.Qc4 b5 14.Qxb5 Ba6 15.Qb2 Rc8  1/2-1/2

[Event "Moscow ol (Men)"]
[Site "Moscow"]
[Date "1994.??.??"]
[Round "10"]
[White "Campos Moreno, Javier B"]
[Black "Hjartarson, Johann"]
[Result "1-0"]
[WhiteElo "2445"]
[BlackElo "2585"]

1.d4 Nf6 2.c4 e6 3.Nc3 Bb4 4.Nf3 b6 5.Bg5 Bb7 6.e3 h6 7.Bh4 Bxc3+ 8.bxc3 d6
9.Nd2 g5 10.Bg3 Qe7 11.h4 Rg8 12.hxg5 hxg5 13.Qa4+ Qd7 14.Qa3 Nc6 15.e4 O-O-O
16.Be2 e5 17.d5 Na5 18.O-O-O Rh8 19.Rhe1 Nh5 20.Bxh5 Rxh5 21.c5 Qb5 22.c6 Ba6
23.Qb4 f6 24.a4 Qc5 25.Kc2 Bc4 26.Rb1 f5 27.Qxc5 dxc5 28.Nxc4 Nxc4 29.Kd3 Na3
30.Ra1 c4+ 31.Kd2 f4 32.Rxa3 fxg3 33.fxg3 Rh2 34.Rg1 Rf8 35.Ke3 a5 36.Ra2 g4
37.Rf2 Rxf2 38.Kxf2 Kd8 39.Rf1 Ke7 40.Kg1 Rh8 41.Rf5 Kd6 42.Rf7 Rc8 43.Kf2 Kc5
44.Ke3 b5 45.axb5 Kxb5 46.Re7 a4 47.Rxe5 Ra8 48.Rh5 a3 49.Rh1 a2 50.Ra1 Kc5
51.Kf4 Kd6 52.Kf5 Rf8+ 53.Kxg4 Rf2 54.Kh5 Ke5 55.g4 Rxg2 56.g5 Rh2+ 57.Kg6 Rd2
58.Kf7 Kxe4 59.d6 Rxd6 60.Rxa2 Kd3 61.g6 Kxc3 62.g7 Rd8 63.Re2  1-0

[Event "Moscow ol (Men)"]
[Site "Moscow"]
[Date "1994.??.??"]
[Round "13"]
[White "Campos Moreno, Javier B"]
[Black "David, Alberto"]
[Result "0-1"]
[WhiteElo "2445"]
[BlackElo "2425"]

1.d4 Nf6 2.c4 e6 3.Nc3 Bb4 4.Nf3 c5 5.g3 cxd4 6.Nxd4 O-O 7.Bg2 d5 8.cxd5 Nxd5
9.Bd2 Bxc3 10.bxc3 e5 11.Nb5 Nc6 12.O-O Be6 13.Bc1 a6 14.c4 Nde7 15.Nd6 b6
16.Ba3 Ra7 17.Qc2 Rd7 18.Rad1 Qc7 19.e3 Rfd8 20.c5 bxc5 21.Qxc5 Qa5 22.Qc1 Qa4
23.Rd2 Nb4 24.Qb2 a5 25.Ne4 Rxd2 26.Nxd2 Ned5 27.Ne4 Nd3 28.Qb3 Qxb3 29.axb3 N5b4
30.Rb1 h6 31.Bf1 Bf5 32.f3 Nc5 33.g4 Bxe4 34.fxe4 Nxe4 35.Rc1 Nd2 36.Rc7 Nd5
37.Rb7 Nxe3 38.Be2 Ne4 39.Bc1 Nc2 40.Kg2 Nd4 41.Bc4 Nd6 42.Ra7 Nxc4 43.bxc4 Rc8
44.Be3 Rxc4 45.Rxa5 Nc2 46.Rxe5 Nxe3+ 47.Rxe3 Rxg4+ 48.Kf3 Rb4 49.Re7 g5
50.Ra7 Kg7 51.Kg3 Kg6 52.Ra6+ f6 53.Rc6 Rb3+ 54.Kg2 h5 55.h3 g4 56.hxg4 hxg4
57.Ra6 Kg5 58.Ra5+ f5 59.Rc5 Re3 60.Ra5 Kf4 61.Ra2 g3 62.Kh3 Kf3 63.Rb2 f4
64.Ra2 Re2 65.Ra3+ Kf2  0-1

[Event "Moscow ol (Men)"]
[Site "Moscow"]
[Date "1994.??.??"]
[Round "13"]
[White "Piket, Jeroen"]
[Black "Nielsen, Peter Heine"]
[Result "1/2-1/2"]
[WhiteElo "2640"]
[BlackElo "2485"]

1.d4 Nf6 2.c4 e6 3.Nf3 Bb4+ 4.Nc3 c5 5.g3 cxd4 6.Nxd4 O-O 7.Bg2 d5 8.cxd5 Nxd5
9.Bd2 Nxc3 10.bxc3 Be7 11.Rb1 a6 12.O-O Qc7 13.Qb3 Nd7 14.Bf4 e5 15.Nf5 Bc5
16.Bg5 Nb6 17.Ne7+ Kh8 18.Nxc8 Raxc8 19.a4 Rb8 20.Rfd1 Nc4 21.Bd5 b5 22.axb5 axb5
23.Kg2 h6 24.Bc1 Ba7 25.Qa2 Rfd8 26.e4 f5 27.exf5 Rxd5 28.Rxd5 Qc6 29.Qxa7 Qxd5+
30.f3 Rf8 31.g4 Qd3 32.Qe7 Qe2+ 33.Kg3 Qe1+ 34.Kg2 Qe2+ 35.Kg3 Qe1+ 36.Kg2 Qe2+  1/2-1/2

[Event "Moscow ol (Men)"]
[Site "Moscow"]
[Date "1994.??.??"]
[Round "13"]
[White "Annakov, Babakuli"]
[Black "Ahmed, Esam Aly"]
[Result "1-0"]
[WhiteElo "2350"]
[BlackElo "2400"]

1.d4 Nf6 2.c4 e6 3.Nc3 Bb4 4.Nf3 c5 5.g3 Ne4 6.Qc2 f5 7.Bg2 Qa5 8.Bd2 Nxd2
9.Qxd2 cxd4 10.Nxd4 O-O 11.Rc1 Nc6 12.a3 Nxd4 13.axb4 Qe5 14.f4 Qf6 15.Rd1 Nc6
16.Qd6 a6 17.O-O Re8 18.Na4 Qe7 19.Nb6 Qxd6 20.Rxd6 Rb8 21.e4 fxe4 22.Bxe4 Nxb4
23.f5 exf5 24.Bxf5 a5 25.Bh3 a4 26.c5 h6 27.Nxa4 Ra8 28.Nb6 Ra5 29.Rc1 Na6
30.Rd5 Nb4 31.Rd4 Nc6 32.Rd2 Ne5 33.Bg2 Rf8 34.Nd5  1-0

[Event "New York Marshall/Enhance"]
[Site "New York"]
[Date "1994.??.??"]
[Round "2"]
[White "Hergott, Deen"]
[Black "Mednis, Edmar John"]
[Result "1-0"]
[WhiteElo "2430"]
[BlackElo "2420"]

1.d4 Nf6 2.Nf3 e6 3.c4 Bb4+ 4.Nc3 c5 5.g3 cxd4 6.Nxd4 O-O 7.Bg2 d5 8.Nc2 Bxc3+
9.bxc3 dxc4 10.Ba3 Re8 11.Qxd8 Rxd8 12.Ne3 Nc6 13.Nxc4 Nd5 14.Rc1 b5 15.Nd6 Rb8
16.Bc5 Ba6 17.O-O Rd7 18.Rfd1 Nce7 19.e4 Rc7 20.Bd4 Nb6 21.Be5 Na8 22.Nf5 exf5
23.Bxc7 Nxc7 24.Rd7  1-0

[Event "Niksic"]
[Site "Niksic"]
[Date "1994.??.??"]
[Round "?"]
[White "Pajkovic, Vladimir"]
[Black "Vukovic, Zdravko"]
[Result "1/2-1/2"]
[WhiteElo "2430"]
[BlackElo "2410"]

1.d4 Nf6 2.c4 e6 3.Nc3 Bb4 4.Nf3 Nc6 5.e4 d5 6.cxd5 exd5 7.e5 Ng8 8.Bb5 Bd7
9.a3 Bxc3+ 10.bxc3 Nge7  1/2-1/2

[Event "NLD-chT9495"]
[Site "?"]
[Date "1994.??.??"]
[Round "6"]
[White "Barsov, Alexei"]
[Black "Winants, Luc"]
[Result "1/2-1/2"]
[WhiteElo "2450"]
[BlackElo "2495"]

1.d4 Nf6 2.c4 e6 3.Nc3 Bb4 4.Nf3 c5 5.g3 cxd4 6.Nxd4 O-O 7.Bg2 d5 8.Qb3 Bxc3+
9.Qxc3 e5 10.Nb3 Nc6 11.cxd5 Nxd5 12.Qd2 Ndb4 13.O-O Bf5 14.Qg5 Bg6 15.Be3 Qxg5
16.Bxg5 Rac8 17.a3 Nc2 18.Rad1 b6 19.Rd7 Bf5 20.Rb7 Be6 21.Nc1 h6 22.Bd2 Rfd8
23.Bc3 N2d4 24.f4 exf4 25.Rxf4 Nb5 26.Nd3 Nxc3 27.bxc3 Rd6 28.Be4 g6 29.Rf6 Rcd8  1/2-1/2

[Event "NOR-ch"]
[Site "?"]
[Date "1994.??.??"]
[Round "2"]
[White "Fyllingen, Roy Harald"]
[Black "Gausel, Einar"]
[Result "1/2-1/2"]
[WhiteElo "2330"]
[BlackElo "2485"]

1.d4 Nf6 2.c4 e6 3.Nc3 Bb4 4.Nf3 c5 5.g3 cxd4 6.Nxd4 O-O 7.Bg2 d5 8.cxd5 Nxd5
9.Bd2 Bxc3 10.bxc3 e5 11.Nc2 Nc6 12.c4 Nb6 13.Ne3 Be6 14.Rc1 Qd4 15.Qb3 Rac8
16.Bc3 Qc5 17.O-O Nd4 18.Bxd4 exd4 19.Nd5 Nxd5 20.Bxd5 b6 21.Rfd1 Rcd8 22.Rc2 Bxd5
23.cxd5 Qxd5 24.Rcd2 Qxb3  1/2-1/2

[Event "NOR-chT"]
[Site "?"]
[Date "1994.??.??"]
[Round "3"]
[White "Agdestein, Espen"]
[Black "Jensen, Stein"]
[Result "1-0"]
[WhiteElo "2330"]
[BlackElo "2205"]

1.d4 Nf6 2.c4 e6 3.Nf3 Bb4+ 4.Nc3 c5 5.g3 O-O 6.Bg2 cxd4 7.Nxd4 d5 8.Qb3 Ba5
9.Bd2 e5 10.Nc2 Bxc3 11.Bxc3 dxc4 12.Qxc4 Qb6 13.Bxe5 Ng4 14.Bd4 Qg6 15.Nb4 Be6
16.Nd5 Bxd5 17.Bxd5 Nc6 18.Bc3 Rad8 19.Rd1 h5 20.h4 Rfe8 21.O-O Nh6 22.e3 Nf5
23.Qf4 Nd6 24.Bg2 Ne7 25.a4 a6 26.Ba5 Rd7 27.Rd2 Qe6 28.Rfd1 Nec8 29.Rd5 Rde7
30.Rxd6 Nxd6 31.Rxd6 Qb3 32.Bc3 Qc2 33.Bd5 Qg6 34.Rxg6  1-0

[Event "DEN-ch"]
[Site "Odense"]
[Date "1994.??.??"]
[Round "9"]
[White "Pedersen, Steffen"]
[Black "Larsen, Bent"]
[Result "1-0"]
[WhiteElo "2420"]
[BlackElo "2560"]

1.d4 Nf6 2.c4 e6 3.Nc3 Bb4 4.Nf3 b6 5.Bg5 Bb7 6.e3 Bxc3+ 7.bxc3 d6 8.Bd3 Nbd7
9.O-O h6 10.Bh4 Qe7 11.Nd2 g5 12.Bg3 O-O-O 13.f3 h5 14.h4 Nh7 15.Qe1 Rdg8
16.Qf2 f5 17.c5 dxc5 18.Nc4 g4 19.f4 Nhf6 20.Nd2 Rd8 21.Qe2 Nb8 22.a4 a5
23.Rfb1 Ne4 24.Nxe4 fxe4 25.Bc4 Bd5 26.Rb5 cxd4 27.cxd4 Rhf8 28.f5 Rxf5 29.Bxd5 Rfxd5
30.Rc1 R8d6 31.Bxd6 Qxd6 32.Qc2 Na6 33.Qxe4 Nb4 34.Qh7 Kb7 35.Rxd5 Nxd5 36.Qxh5 Qa3
37.Re1 Qc3 38.Re2 Nxe3 39.Qe5 Nd5 40.Kh2 Qc1 41.h5 b5 42.axb5 a4 43.Qxe6 g3+
44.Kxg3  1-0

[Event "Orange op"]
[Site "Orange"]
[Date "1994.??.??"]
[Round "5"]
[White "Mancini, Mario"]
[Black "Daces, P."]
[Result "1-0"]
[WhiteElo "2240"]
[BlackElo "1950"]

1.d4 Nf6 2.c4 e6 3.Nc3 Bb4 4.Nf3 b6 5.Bg5 Bb7 6.e3 h6 7.Bh4 g5 8.Bg3 Ne4
9.Qc2 Bxc3+ 10.bxc3 d6 11.Bd3 f5 12.c5 O-O 13.Qb3 Qf6 14.cxd6 cxd6 15.Bxe4 fxe4
16.Nd2 d5 17.f3 exf3 18.O-O Ba6 19.Rxf3 Qe7 20.Qc2 Rxf3 21.Nxf3 Qh7 22.Qxh7+ Kxh7
23.Ne5 Bc4 24.Nxc4 dxc4 25.Rf1 Nc6 26.Rf7+ Kg6 27.Rc7 Na5 28.e4 a6 29.Bd6 Rb8
30.Bb4 Rb7 31.Rc8 g4 32.Rg8+ Kf7 33.Rxg4 Nc6 34.Bd6 b5 35.Bf4 b4 36.Bxh6 b3
37.axb3 Rxb3 38.Rg7+ Ke8 39.Rc7 Rb6 40.Bf4 Kd8 41.d5  1-0

[Event "Oslo op"]
[Site "Oslo"]
[Date "1994.??.??"]
[Round "6"]
[White "Bjerke, Richard"]
[Black "Guddahl, Viggo"]
[Result "0-1"]
[WhiteElo "2255"]
[BlackElo "2220"]

1.d4 Nf6 2.Nf3 e6 3.c4 Bb4+ 4.Nc3 O-O 5.Bg5 d5 6.cxd5 exd5 7.Rc1 c6 8.e3 Nbd7
9.a3 Be7 10.Qc2 Re8 11.Bd3 Nf8 12.O-O Ne4 13.Bxe7 Qxe7 14.Bxe4 dxe4 15.Nd2 f5
16.f3 exf3 17.Rxf3 Be6 18.Nb3 Nd7 19.Na5 Nf6 20.b4 Nd5 21.Nd1 f4 22.exf4 Bg4
23.Rf1 Qf6 24.Nxb7 Nxf4 25.Nc3 Qxd4+ 26.Kh1 Nd3 27.Qd2 Re2 28.Qxe2 Bxe2 29.Nxe2 Qb2  0-1

[Event "HUN-ch U20"]
[Site "Paks"]
[Date "1994.??.??"]
[Round "?"]
[White "Czebe, Attila"]
[Black "Torok, Jozsef"]
[Result "1-0"]
[WhiteElo "2355"]
[BlackElo "2260"]

1.d4 Nf6 2.c4 e6 3.Nc3 Bb4 4.Nf3 Bxc3+ 5.bxc3 O-O 6.Bg5 h6 7.Bh4 d6 8.e3 Nc6
9.Bd3 Qe7 10.Nd2 e5 11.O-O Bd7 12.Rb1 b6 13.Rb2 Rae8 14.Bb1 g5 15.Bg3 Nh7
16.c5 f5 17.cxd6 cxd6 18.f4 gxf4 19.exf4 e4 20.Nc4 Kh8 21.d5 Nd8 22.Bf2 Nb7
23.Bd4+ Nf6 24.Kh1 Kh7 25.Ne3 Rg8 26.Re2 Ng4 27.Nxg4 Rxg4 28.Re3 Reg8 29.Rf2 Qf7
30.Rh3 R8g6 31.c4 Rg8 32.Ra3 Na5 33.Bc2 Rc8 34.Bc3 Nxc4 35.Rxa7 Rgg8 36.Rf1  1-0

[Event "Pamplona9495"]
[Site "Pamplona"]
[Date "1994.??.??"]
[Round "?"]
[White "Zvjaginsev, Vadim"]
[Black "Kortschnoj, Viktor"]
[Result "1-0"]
[WhiteElo "2585"]
[BlackElo "2635"]

1.d4 Nf6 2.c4 e6 3.Nc3 Bb4 4.Nf3 c5 5.g3 d5 6.Bg2 dxc4 7.O-O O-O 8.dxc5 Qa5
9.Qd4 Nc6 10.Qxc4 e5 11.Ne4 Nxe4 12.Qxe4 Bxc5 13.Ng5 g6 14.Qh4 h5 15.Bxc6 bxc6
16.Ne4 f5 17.Bd2 Qd8 18.Bg5 Qd4 19.Nxc5 Qxc5 20.Be7 Qd4 21.Qxd4 exd4 22.Bxf8 Kxf8
23.Rfd1  1-0

[Event "Pardubice op"]
[Site "Pardubice"]
[Date "1994.??.??"]
[Round "1"]
[White "Rapoport, Igor"]
[Black "Kiselev, Sergey"]
[Result "0-1"]
[WhiteElo "2240"]
[BlackElo "2460"]

1.d4 Nf6 2.c4 e6 3.Nc3 Bb4 4.Nf3 c5 5.g3 Ne4 6.Qd3 cxd4 7.Nxd4 Nxc3 8.bxc3 Be7
9.Nb5 O-O 10.Bf4 Na6 11.Bd6 Nc5 12.Qd4 Bxd6 13.Nxd6 Qa5 14.Rd1 b6 15.Bg2 Rb8
16.O-O Bb7 17.e4 Bc6 18.e5 Bxg2 19.Kxg2 Qxa2 20.Ra1 Qe2 21.Rfe1 Qc2 22.Rxa7 f6
23.Qe3 fxe5 24.Re2 Qg6 25.Ne4 Nxe4 26.Qxe4 Qxe4+ 27.Rxe4 d6 28.f4 Rf7 29.Ra6 exf4
30.gxf4 Re7 31.Rd4 Rd7 32.c5 bxc5 33.Rdxd6 Rxd6 34.Rxd6 Rb3 35.c4 Rc3 36.Rxe6 Rxc4
37.Rc6 Rc3 38.Rc7 c4 39.f5 Rc1 40.h4 c3 41.h5 h6 42.Kh2 c2 43.Kg2 Kf8 44.Rc6 Ke7
45.Rc8 Kd6 46.Rc3 Ke5 47.Rc6 Kxf5 48.Rc7 Kf6 49.Rc5 Kf7 50.Rc8 Re1 51.Rxc2 Re5
52.Rc7+ Kg8 53.Rc8+ Kh7  0-1

[Event "Pardubice op"]
[Site "Pardubice"]
[Date "1994.??.??"]
[Round "3"]
[White "Cech, Pavel"]
[Black "Maksimenko, Andrei"]
[Result "0-1"]
[WhiteElo "2385"]
[BlackElo "2525"]

1.d4 Nf6 2.c4 e6 3.Nc3 Bb4 4.Nf3 c5 5.g3 cxd4 6.Qxd4 Nc6 7.Qh4 d5 8.cxd5 exd5
9.Bd2 Bg4 10.Bg2 d4 11.Nb1 Be7 12.O-O Qd7 13.Qg5 O-O 14.Qb5 a6 15.Qb3 Ne4
16.Bf4 Nc5 17.Qd1 Bf6 18.Nbd2 Ne6 19.Ne4 Be7 20.Bc1 Rac8 21.b3 Bf5 22.Ne1 Rfd8
23.a3 Qe8 24.Nd3 f6 25.b4 Kh8 26.Qb3 Ne5 27.Bb2 Nc4 28.Rac1 b5 29.Rfd1 Bf8
30.Nd2 Ng5 31.Nf4 Nxd2 32.Rxd2 Rxc1+ 33.Bxc1 Ne4 34.Rb2 Rc8 35.Qd1 Bd6 36.Nd3 Nc3
37.Qf1 h6 38.Rd2 Qe6 39.Bf3 Rc7 40.Nc5 Bxc5 41.bxc5 Qc4 42.e4 Qxf1+ 43.Kxf1 Bxe4
44.Bxe4 Nxe4 45.Rxd4 Nxc5 46.Bf4 Rd7 47.Be3 Kg8 48.Ke2 Kf7 49.Rxd7+ Nxd7
50.Kd3 Ke6 51.Kd4 h5 52.h3 g5 53.f3 Ne5 54.f4 Nc4 55.Bc1 g4 56.hxg4 hxg4
57.Kc5 Nd6 58.Kb6 Nf5 59.Kxa6 Nxg3 60.Kxb5 Nf5  0-1

[Event "Pardubice op"]
[Site "Pardubice"]
[Date "1994.??.??"]
[Round "6"]
[White "Maksimenko, Andrei"]
[Black "Gorbatow, Alexej"]
[Result "1/2-1/2"]
[WhiteElo "2525"]
[BlackElo "2415"]

1.d4 e6 2.Nf3 Nf6 3.c4 Bb4+ 4.Nc3 b6 5.Qb3 Qe7 6.g3 Bb7 7.Bg2 Nc6 8.O-O O-O
9.a3 Bxc3 10.Qxc3 Ne4 11.Qc2 f5 12.b4 Nd8 13.Bb2 c5 14.dxc5 bxc5 15.Nd2 Nxd2
16.Qxd2 Bxg2 17.Kxg2 Nb7 18.Rfd1 Rf7 19.Be5 a5 20.bxa5 Nxa5 21.Qd3 Qe8 22.Rab1 Qc8
23.Rb6 h6 24.Rdb1 Kh7 25.R1b5 Nc6 26.Rxc5 Qd8 27.Rb3 Nxe5 28.Rxe5 Qc7 29.Reb5 Ra7
30.f3 Rf8 31.e4 fxe4 32.Qxe4+ Kh8 33.c5 Ra5 34.Kh3 Rxb5 35.Rxb5 Qc6 36.a4 Rf5
37.Qxc6 dxc6 38.Rb8+ Kh7 39.f4 Rxc5 40.Re8 Rc4 41.Rxe6 Rxa4 42.Rxc6 Ra2  1/2-1/2

[Event "Peristeri"]
[Site "Peristeri"]
[Date "1994.??.??"]
[Round "8"]
[White "Atalik, Suat"]
[Black "Tzoumbas, Anastasios"]
[Result "1-0"]
[WhiteElo "2535"]
[BlackElo "2415"]

1.d4 Nf6 2.c4 e6 3.Nc3 Bb4 4.Nf3 c5 5.g3 cxd4 6.Nxd4 O-O 7.Bg2 d5 8.cxd5 Nxd5
9.Qb3 Na6 10.O-O Nc5 11.Qc4 Bxc3 12.bxc3 b6 13.Nc6 Qe8 14.Nb4 Bb7 15.Re1 Qa4
16.Bb2 a5 17.Qd4 Rfd8 18.Nxd5 exd5 19.c4 f6 20.cxd5 Qxd4 21.Bxd4 Bxd5 22.e4 Bf7
23.e5 Ra6 24.Red1 Ne6 25.Bb2 Rxd1+ 26.Rxd1 fxe5 27.Rd6 Ra7 28.Bxe5 b5 29.f4 b4
30.Bh3 Nf8 31.Rd8 Bxa2 32.Bd6 Rf7 33.Ra8 Bc4 34.Rxa5 b3 35.Ra8 g6 36.Rb8 Bd5
37.Kf2 Kg7 38.g4 Nd7 39.Rb5 Bc4 40.Rb4 Be6 41.Kg3 h6 42.Bg2 Kh7 43.Bf3 Rf6
44.Rb7 Rf7 45.Rb5 Rg7 46.Ba3 Rg8 47.Bb2 Rb8 48.Ra5 Kg8 49.Ra7 Kf7 50.Be4 Rg8
51.Kf3 Rd8 52.f5 gxf5 53.gxf5 Bc4 54.Bc6 Ke7 55.Ba3+ Ke8 56.Kf4 Bf7 57.Kg4 Bd5
58.Ba4 Bf7 59.Kh4 Bc4 60.Kh5 Bd3 61.Kg6 Bc2 62.Bc6 Bd3 63.Rc7 Bc2 64.Rb7 h5
65.h4 b2 66.Bxb2  1-0

[Event "PER-ch"]
[Site "Peru"]
[Date "1994.??.??"]
[Round "7"]
[White "Pesantes, Carlos"]
[Black "Cruz, Filemon"]
[Result "0-1"]
[WhiteElo "2280"]
[BlackElo "2405"]

1.d4 Nf6 2.c4 e6 3.Nc3 Bb4 4.Nf3 c5 5.e3 O-O 6.Bd3 d6 7.O-O Bxc3 8.bxc3 Nc6
9.Ba3 b6 10.Rb1 e5 11.d5 Na5 12.Nd2 Qd7 13.e4 Ba6 14.h3 Rae8 15.Bc1 h6 16.Qe2 Qa4
17.a3 Re7 18.Kh2 Rfe8 19.g3 Nh7 20.Re1 Nf8 21.Qf1 Nd7 22.f3 Nf8 23.Qe2 g5
24.Rg1 Ng6 25.Qf1 f6 26.Qe2 Rg7 27.Qd1 Qxd1 28.Rxd1 h5 29.Bf1 h4 30.g4 Nh8
31.Kg2 Nf7 32.Kf2 Rb8 33.Ke3 Nh8 34.Kd3 Ng6 35.Kc2 Nf4 36.Rb2 Kf8 37.Rb1 Ke8
38.Rb2 Kd8 39.Rb1 Bc8 40.Rb2 Bd7 41.Kb1 Ba4 42.Re1 Rgb7 43.Ka2 a6 44.Rb1 b5
45.cxb5 axb5 46.Rb2 c4 47.Rb4 Bc2 48.Nb1 Kc7 49.Rb2 Bb3+ 50.Ka1 Ra7 51.Be3 Ra6
52.Rd2 Rba8 53.Kb2 Nb7 54.Rh2 Ng6 55.Ree2 Nf8 56.Rd2 Nd7 57.Rhf2 Nbc5 58.Bxc5 Nxc5
59.Kc1 Kb6 60.Rh2 Rxa3 61.Nxa3 Rxa3 62.Kb2 Ra7 63.Rc2 Ra2+ 64.Kb1 Rxc2 65.Rxc2 Bxc2+
66.Kxc2 Nd7 67.Kb2 Kc5 68.Ka3 Nb6 69.Kb2 b4 70.cxb4+ Kxb4 71.Kc2 Kc5 72.Kd2 Kd4
73.Be2 c3+ 74.Kc2 Nc4  0-1